<?xml version="1.0" encoding="UTF-8"?>
<record
    xmlns:xsi="http://www.w3.org/2001/XMLSchema-instance"
    xsi:schemaLocation="http://www.loc.gov/MARC21/slim http://www.loc.gov/standards/marcxml/schema/MARC21slim.xsd"
    xmlns="http://www.loc.gov/MARC21/slim">

  <leader>03863nam a2200349 i 4500</leader>
  <controlfield tag="003">AGNRD</controlfield>
  <controlfield tag="005">20260519115942.0</controlfield>
  <controlfield tag="007">ta</controlfield>
  <controlfield tag="008">260519e2025    dr ac||gro|||||01 |bspa ||spa| </controlfield>
  <datafield tag="020" ind1=" " ind2=" ">
    <subfield code="a">9789945251456.</subfield>
  </datafield>
  <datafield tag="040" ind1=" " ind2=" ">
    <subfield code="a">AGNRD</subfield>
    <subfield code="b">spa</subfield>
    <subfield code="c">DO-SdBNP</subfield>
    <subfield code="d">BNPHU</subfield>
    <subfield code="e">rda</subfield>
  </datafield>
  <datafield tag="041" ind1=" " ind2=" ">
    <subfield code="a">spa</subfield>
  </datafield>
  <datafield tag="082" ind1=" " ind2=" ">
    <subfield code="a">RD 864.5 </subfield>
    <subfield code="2">P762l 2025</subfield>
    <subfield code="b">22</subfield>
  </datafield>
  <datafield tag="100" ind1="1" ind2=" ">
    <subfield code="a">Polanco D&#xED;az, Bienvenida </subfield>
    <subfield code="e">autor</subfield>
    <subfield code="9">89659</subfield>
  </datafield>
  <datafield tag="245" ind1=" " ind2=" ">
    <subfield code="a">Literatura dram&#xE1;tica dominicana 1916-1924 : </subfield>
    <subfield code="b">texto, representaci&#xF3;n y nacionalismo durante la ocupaci&#xF3;n militar norteamericana / </subfield>
    <subfield code="c">Bienvenida Polanco D&#xED;az. [y otros tres].</subfield>
  </datafield>
  <datafield tag="264" ind1=" " ind2=" ">
    <subfield code="a">Santo Domingo, Rep&#xFA;blica Dominicana :</subfield>
    <subfield code="b">Archivo General de la Naci&#xF3;n, </subfield>
    <subfield code="c">2025. </subfield>
  </datafield>
  <datafield tag="300" ind1=" " ind2=" ">
    <subfield code="a">317 p&#xE1;ginas : </subfield>
    <subfield code="b">ilustraciones, fotograf&#xED;as ; </subfield>
    <subfield code="c">23 x 15 cm.</subfield>
  </datafield>
  <datafield tag="336" ind1=" " ind2=" ">
    <subfield code="a">texto</subfield>
    <subfield code="b">txt </subfield>
    <subfield code="2">rdacontent</subfield>
  </datafield>
  <datafield tag="337" ind1=" " ind2=" ">
    <subfield code="a">sin mediaci&#xF3;n </subfield>
    <subfield code="b">n </subfield>
    <subfield code="2">rdamedia</subfield>
  </datafield>
  <datafield tag="338" ind1=" " ind2=" ">
    <subfield code="a">volumen </subfield>
    <subfield code="b">nc </subfield>
    <subfield code="2">rdacarrier</subfield>
  </datafield>
  <datafield tag="490" ind1=" " ind2=" ">
    <subfield code="a">Archivo General de la Naci&#xF3;n ; </subfield>
    <subfield code="v">volumen 557.</subfield>
  </datafield>
  <datafield tag="500" ind1=" " ind2=" ">
    <subfield code="a">Incluye peque&#xF1;a biograf&#xED;a de la autora en la solapa.</subfield>
  </datafield>
  <datafield tag="504" ind1=" " ind2=" ">
    <subfield code="a">Incluye bibliograf&#xED;a.</subfield>
  </datafield>
  <datafield tag="505" ind1="0" ind2=" ">
    <subfield code="a">Presentaci&#xF3;n 9 -- Investigaci&#xF3;n hist&#xF3;rica y Est&#xE9;tica de la Recepci&#xF3;n 10 -- Recursos. Antecedentes. Metodolog&#xED;a 13 -- Conceptualizaciones 17 -- El arte. Un antes y un despu&#xE9;s de Hegel 18 -- Literatura dram&#xE1;tica y Dramaturgia 23 -- La dramaturgia dominicana: periodos y movimientos 29 -- Del Renacimiento al Barroco 29 -- Formas neocl&#xE1;sicas 32 -- Textos del Romanticismo 35 -- Perfiles del Realismo 38 -- Modernismo y Modernismo Tard&#xED;o 42 -- Vanguardias 47 -- Pos vanguardismo 50 -- Dramaturgia siglo xxi 56 -- La literatura dram&#xE1;tica mundial en los albores del siglo xx 69 -- El nuevo siglo xx y la dramaturgia finisecular 70 -- Dramaturgia en Hispanoam&#xE9;rica. 1900-1916 79 -- Dramaturgia dominicana, de 1900 a 1915 95 -- Primera etapa modernista 95 -- Dramaturgia nacional y extranjera 97 -- Autores y escenarios 102 -- Antecedentes hist&#xF3;ricos de la intervenci&#xF3;n militar de Estados Unidos 105 -- USA y las nuevas formas del nacionalismo 106 -- De Roosevelt a Wilson 112 -- Woodrow Wilson 113 -- La pol&#xED;tica de los Estados Unidos hacia Latinoam&#xE9;rica 115 -- 1899-1916: La econom&#xED;a dominicana y el caos sociopol&#xED;tico 133 -- Cuesti&#xF3;n financiera y guerras civiles. 1900-1905 135 -- Mon C&#xE1;ceres asume el poder. 1906-1911 146 -- 1912-1916: Anarqu&#xED;a y bancarrota 150 -- Arias, Jim&#xE9;nes, Henr&#xED;quez y un &#xFA;ltimo intento de orden 162 -- Dramaturgia dominicana de 1916 a 1924 175 -- 1916: Literatura dram&#xE1;tica y sociedad 176 -- Las temporadas de teatro de 1917 y 1918 181 -- De las compa&#xF1;&#xED;as y los cr&#xED;ticos 187 -- Literatura dram&#xE1;tica y nacionalismo durante la intervenci&#xF3;n 203 -- Jos&#xE9; Narciso Sol&#xE1;, No m&#xE1;s yes 203 -- Rafael Damir&#xF3;n, Alma criolla 205 -- Arturo Logro&#xF1;o Coh&#xE9;n, Una fiesta en el Castine 207 -- Delia Quesada, Quisqueya y la ocupaci&#xF3;n americana 209 -- Renato D&#x2019;Soto, As&#xED; marcha la justicia 210 -- Ricardo P&#xE9;rez Alfonseca, La inmolaci&#xF3;n 211 -- Miguel &#xC1;ngel Jim&#xE9;nez, Orgullo de raza; El &#xFA;ltimo gavillero 212 -- Orgullo de raza, 1923. Rescate de un manuscrito de teatro contestatario 221 -- El manuscrito centenario y su conservaci&#xF3;n 221 -- El texto. Intervenci&#xF3;n en un bien patrimonial 222 -- Orgullo de raza. Teatro en dos actos y tres cuadros 224 -- Textos del per&#xED;odo 1916-1924: 257 -- Alma criolla. Rafael Damiron, 1916 261 -- Teatro Infantil. Delia Quesada, 1923 283 -- Un mon&#xF3;logo. Federico Llaverias, 1919 287 -- Son&#xE1;mbulo. Apolinar Perdomo, 1917 293 -- Bibliograf&#xED;a 299</subfield>
  </datafield>
  <datafield tag="590" ind1=" " ind2=" ">
    <subfield code="a">Inventariado, 2026/WG.</subfield>
  </datafield>
  <datafield tag="650" ind1=" " ind2=" ">
    <subfield code="9">81648</subfield>
    <subfield code="a">Ensayos dominicanos</subfield>
    <subfield code="x">Historia</subfield>
  </datafield>
  <datafield tag="650" ind1=" " ind2=" ">
    <subfield code="a">Literatura dominicana</subfield>
    <subfield code="x">Historia</subfield>
    <subfield code="9">64316</subfield>
  </datafield>
  <datafield tag="700" ind1=" " ind2=" ">
    <subfield code="a">Delmonte Soriano, Rafael Rolando</subfield>
    <subfield code="e">diagramaci&#xF3;n </subfield>
    <subfield code="9">99391</subfield>
  </datafield>
  <datafield tag="700" ind1=" " ind2=" ">
    <subfield code="a">Rosa, Yenifer de la </subfield>
    <subfield code="e">dise&#xF1;o de cubierta </subfield>
    <subfield code="9">89660</subfield>
  </datafield>
  <datafield tag="710" ind1=" " ind2=" ">
    <subfield code="a">&#xC1;rea de Publicaciones</subfield>
    <subfield code="e">cuidado de la edici&#xF3;n</subfield>
    <subfield code="9">89658</subfield>
  </datafield>
  <datafield tag="942" ind1=" " ind2=" ">
    <subfield code="2">ddc</subfield>
    <subfield code="c">LBS1</subfield>
  </datafield>
  <datafield tag="952" ind1=" " ind2=" ">
    <subfield code="0">0</subfield>
    <subfield code="1">0</subfield>
    <subfield code="2">ddc</subfield>
    <subfield code="5">1</subfield>
    <subfield code="7">0</subfield>
    <subfield code="8">PD</subfield>
    <subfield code="a">BNPHU</subfield>
    <subfield code="b">BNPHU</subfield>
    <subfield code="c">CT</subfield>
    <subfield code="d">2026-05-19</subfield>
    <subfield code="l">0</subfield>
    <subfield code="o">RD 864.5 P762l 2025</subfield>
    <subfield code="p">2026-4317</subfield>
    <subfield code="r">2026-05-19</subfield>
    <subfield code="w">2026-05-19</subfield>
    <subfield code="y">LBS1</subfield>
  </datafield>
  <datafield tag="952" ind1=" " ind2=" ">
    <subfield code="0">0</subfield>
    <subfield code="1">0</subfield>
    <subfield code="2">ddc</subfield>
    <subfield code="5">1</subfield>
    <subfield code="7">0</subfield>
    <subfield code="8">PD</subfield>
    <subfield code="a">BNPHU</subfield>
    <subfield code="b">BNPHU</subfield>
    <subfield code="c">CT</subfield>
    <subfield code="d">2026-05-19</subfield>
    <subfield code="l">0</subfield>
    <subfield code="o">RD 864.5 P762l 2025</subfield>
    <subfield code="p">2026-4318</subfield>
    <subfield code="r">2026-05-19</subfield>
    <subfield code="t">e.2</subfield>
    <subfield code="w">2026-05-19</subfield>
    <subfield code="y">LBS1</subfield>
  </datafield>
  <datafield tag="952" ind1=" " ind2=" ">
    <subfield code="0">0</subfield>
    <subfield code="1">0</subfield>
    <subfield code="2">ddc</subfield>
    <subfield code="5">1</subfield>
    <subfield code="7">0</subfield>
    <subfield code="8">PD</subfield>
    <subfield code="a">BNPHU</subfield>
    <subfield code="b">BNPHU</subfield>
    <subfield code="c">CT</subfield>
    <subfield code="d">2026-05-19</subfield>
    <subfield code="l">0</subfield>
    <subfield code="o">RD 864.5 P762l 2025</subfield>
    <subfield code="p">2026-4319</subfield>
    <subfield code="r">2026-05-19</subfield>
    <subfield code="t">e.3</subfield>
    <subfield code="w">2026-05-19</subfield>
    <subfield code="y">LBS1</subfield>
  </datafield>
  <datafield tag="999" ind1=" " ind2=" ">
    <subfield code="c">60781</subfield>
    <subfield code="d">60781</subfield>
  </datafield>
</record>
